South American Capitals - Sudden Death - Statistics

General Stats
  • This quiz has been taken 546 times
  • The average score is 9 of 12
Answers on the Grid
Answers color-coded by a green-red scale on the quiz's grid according to % correct below.
Arequipa
Asunción
Belo Horizonte
Bogota
Brasilia
Buenos Aires
Caracas
Cayenne
Ciudad de la Costa
Córdoba
Georgetown
Guayaquil
La Matanza
La Paz
La Plata
Lima
Linden
Luque
Matoury
Medellín
Montevideo
Puente Alto
Quito
Rio de Janeiro
Salvador
San Lorenzo
Santiago
São Paulo
Tacuarembó
Trujillo
Paramaribo
Maracaibo
Barquisimeto
Tegucigalpa
Port-Au-Prince
Maturín
 
Answer Stats
Answer % Correct
Bogota
88%
Brasilia
88%
Buenos Aires
87%
Caracas
84%
Lima
83%
Asunción
78%
La Paz
76%
Montevideo
71%
Quito
70%
Santiago
65%
Georgetown
63%
Paramaribo
53%
No matching quizzes found
Score Distribution
Percent of People with Each Score
Percentile by Number Answered
Your Score History
You have not taken this quiz